Score 0/16 Timer 07:00
7 Plays Today
% Correct
Homer Simpson (The Simpsons)
94.3%
Phoebe Buffay (Friends)
75.2%
Walter White (Breaking Bad)
69.5%
Wile E. Coyote (Looney Tunes)
63.6%
Dexter Morgan (Dexter)
61.5%
Dwight Schrute (The Office)
56.9%
Daenerys Targaryen (Game of Thrones)
50.9%
George Costanza (Seinfeld)
50.1%
% Correct
Dana Scully (The X-Files)
48.5%
Ron Swanson (Parks & Recreation)
46%
Eric Cartman (South Park)
39.9%
Turanga Leela (Futurama)
34%
Lucy Ricardo (I Love Lucy)
33.9%
Liz Lemon (30 Rock)
32.1%
GOB Bluth (Arrested Development)
30.5%
Miss Piggy (The Muppet Show)
29.9%
Remove Ads.
Support Sporcle.
Get the best of Sporcle when you Go Orange. This ad-free experience offers more features, more stats, and more fun while also helping to support Sporcle. Thank you for becoming a member.

You're not logged in!

Compare scores with friends on all Sporcle quizzes.
OR
Log In

Show Comments

Extras

Top Quizzes Today


Score Distribution

Your Account Isn't Verified!

In order to create a playlist on Sporcle, you need to verify the email address you used during registration. Go to your Sporcle Settings to finish the process.

Report this User

Report this user for behavior that violates our Community Guidelines.

Details: